00834cam a2200205 a 450000100100000000500170001000800410002704000250006808200230009311000280011624501370014426000610028130000260034249000410036860000550040965000520046465000370051670000330055383000420058600000662720200929153948.0930223s1992 ck a b 000 0aspa  aDO-SdBNPbspacBNPHU aC866.3bI59e, 19922 aInstituto Caro y Cuervo10aEpistolario de Rufino José Cuervo con corresponsales hispanoamericanos /cedición, presentación y notas Mario Germán Romero. aSantafé de Bogotá :bInstituto Caro y Cuervo,c1992. a2 v. :bil. ;c24 cm.1 aArchivo Epistolar Colombianov22, 2310aCUERVO, RUFINO JOSÉ,d1844-1911xCORRESPONDENCIA 4aAutores colombianosySIGLO XIXxCorrespondencia 4aLiteratura colombianaySIGLO XIX1 aRomero, Mario Germán,eed. 0aArchivo Epistolar Colombiano,v22, 23